• 首页
  • 本馆介绍
  • 公告通知
  • 最新文献
  • 馆藏检索
  • 电子资源
  • 读者导购
  • 参考咨询
  • 我的图书馆
  • 登录
  • 详细信息显示
  • 放入我的书架
  • 预约/预借图书
  • 作者相关作品
  • 分类相关作品
  • 丛书相关作品
  • 出版社相关作品

书目信息

  • 表格格式
  • 工作单格式
  • 卡片格式
题名:
生命进化的物理观
    
 
作者: 罗辽复 著
分册:  
出版信息: 上海   上海科学技术出版社  2000
页数: 388页
开本: 26cm
丛书名: 科学专著丛书
单 册:
中图分类: Q11
科图分类:
主题词: 生物--进化--研究 , 生物--发展
电子资源:
ISBN: 7-5323-5562-4
000 00678nam0 2200241 45
001 0306170898
005 20031219104111.2
010    @a7-5323-5562-4@b精装@dCNY52.00
100    @a20030617d2000 km y0chiy0120 ea
101 0  @achi
105    @a z 001yy
200 1  @a生命进化的物理观@ASheng Ming Jin Hua De Wu Li Guan@f罗辽复著@FLuo Liao Fu Zhu
210    @a上海@c上海科学技术出版社@d2000
215    @a388页@d26cm
225    @a科学专著丛书
320    @a书末附主题索引。
410    @12001 @a科学专著丛书
606 0  @a生物@x进化@2研究
606 0  @a生物@x发展
690    @aQ11@v4
701  0 @a罗辽复@4著
801    @aCN@bTSTC@c20030617
905    @b324214-218@dQ11@e64@f5
    
    生命进化的物理观/罗辽复著.-上海:上海科学技术出版社,2000
    388页;26cm.-(科学专著丛书)
    
    
    ISBN 7-5323-5562-4(精装):CNY52.00
    
●
相关链接 在E读中查询图书 在五车中查询图书 在当当中查询图书 在豆瓣中查询图书


正题名:生命进化的物理观     索取号:Q11/64         预约/预借

序号 登录号 条形码 馆藏地/架位号 状态 备注
1 0324214   203242142   第三借阅区/ [索取号:Q11/64] 在馆    
2 0324215   203242151   第三借阅区/ [索取号:Q11/64] 在馆    
3 0324216   203242160   第三借阅区/ [索取号:Q11/64] 在馆    
4 0324217   203242179   第三借阅区/ [索取号:Q11/64] 在馆    
5 0324218   203242188   第二样本阅览室/ [索取号:Q11/64] 在馆    
唐山师范学院图书馆 欢迎您!
大连网信软件有限公司© 版权所有